The digital consumer technology handbook. (Record no. 7326)

MARC details
000 -LEADER
fixed length control field 01161cam a22002894a 4500
001 - CONTROL NUMBER
control field 13428183
003 - CONTROL NUMBER IDENTIFIER
control field OSt
005 - DATE AND TIME OF LATEST TRANSACTION
control field 20211004142823.0
008 - FIXED-LENGTH DATA ELEMENTS--GENERAL INFORMATION
fixed length control field 031208s2004 ne a f 001 0 eng
010 ## - LIBRARY OF CONGRESS CONTROL NUMBER
LC control number 2003068632
020 ## - INTERNATIONAL STANDARD BOOK NUMBER
International Standard Book Number 0750678151
040 ## - CATALOGING SOURCE
Original cataloging agency DLC
Transcribing agency DDC
Modifying agency DLC
042 ## - AUTHENTICATION CODE
Authentication code pcc
050 00 - LIBRARY OF CONGRESS CALL NUMBER
Classification number TK7868.D5
Item number D478 2004
082 00 - DEWEY DECIMAL CLASSIFICATION NUMBER
Classification number 621.395DHI 2004
100 1# - MAIN ENTRY--PERSONAL NAME
Personal name Dhir, Amit;
9 (RLIN) 5800
245 14 - TITLE STATEMENT
Title The digital consumer technology handbook.
Remainder of title A comprehensive guide to devices, standards, future directions, and programmable logic solutions.
Statement of responsibility, etc. Edited by Dhir,Amit;
260 ## - PUBLICATION, DISTRIBUTION, ETC. (IMPRINT)
Place of publication, distribution, etc. Amsterdam ;
Name of publisher, distributor, etc. Newnes,
Date of publication, distribution, etc. 2004.
300 ## - PHYSICAL DESCRIPTION
Extent xvi,656p.
Other physical details ill.
Dimensions 24cm.
504 ## - BIBLIOGRAPHY, ETC. NOTE
Bibliography, etc Includes; Index.
650 #0 - SUBJECT ADDED ENTRY--TOPICAL TERM
Topical term or geographic name as entry element Engineering
9 (RLIN) 373
856 41 - ELECTRONIC LOCATION AND ACCESS
Materials specified Table of contents
Uniform Resource Identifier <a href="http://www.loc.gov/catdir/toc/els051/2003068632.html">http://www.loc.gov/catdir/toc/els051/2003068632.html</a>
856 42 - ELECTRONIC LOCATION AND ACCESS
Materials specified Publisher description
Uniform Resource Identifier <a href="http://www.loc.gov/catdir/description/els051/2003068632.html">http://www.loc.gov/catdir/description/els051/2003068632.html</a>
906 ## - LOCAL DATA ELEMENT F, LDF (RLIN)
a 7
b vip
c orignew
d 1
e ocip
f 20
g y-gencatlg
942 ## - ADDED ENTRY ELEMENTS (KOHA)
Source of classification or shelving scheme Dewey Decimal Classification
Koha item type Open Shelf
Holdings
Withdrawn status Lost status Source of classification or shelving scheme Damaged status Not for loan Home library Current library Date acquired Source of acquisition Inventory number Total Checkouts Full call number Barcode Date last seen Price effective from Koha item type
    Dewey Decimal Classification     MUST Main Library MUST Main Library 04/10/2021 Donation 10/32658   621.395DHI 2004 2021-1396 04/10/2021 04/10/2021 Open Shelf